00544nam a2200181Ia 4500008004100000082001800041100002200059245004500081250000600126260003400132300001500166500002400181650001600205700001900221942000700240952009800247999001700345230524s9999 xx 000 0 und d a621.3804bKUL aM.Kulkarni942012 0aAnalog and Digital Communication Systems a1 aNew DelhibUmesh Publi.c2008 a"XI,984p;" aQuantity Number: 1 aElectronics a Farooq Husain cBK 00104070aTATCLbTATCLcGENd2023-05-24l0o621.3804 KULp53866r2023-05-24w2023-05-24yBK c56426d56426